| 000 | | | 04280nmc2a22000003x 450 |
| 001 | | | 6f4f69b9-8ee5-4131-b2c4-1aa63edb47d7 |
| 005 | | | 20210217203603.0 |
| 100 | ## | $a | 20190717l18781878k l0rusy0189 ca |
| 101 | 0# | $a | rus |
| | $a | ger |
| 102 | ## | $a | RU |
| 200 | 1# | $a | Уведомление герцога Ольденбургского Ивану Давыдовичу Делянову о награждении его орденом с приложением конца ответа И.Д. Делянова герцогу Ольденбургскому и брошюры орденских статутов с изображением орденов |
| | $j | 7 октября - 10 ноября 1878 г. |
| 251 | ## | $c | Дело |
| 300 | ## | $a | Материалы по служебной деятельности И.Д. Делянова. О назначениях и наградах И.Д. Делянова |
| 300 | ## | $a | На русском и немецком языках |
| 801 | #0 | $a | RU |
| | $b | РГИА |
| | $c | 20190717 |
| | $g | RCR |
| 801 | #1 | $a | RU |
| | $b | ГлавНИВЦ |
| | $c | 20190717 |
| | $2 | rusmarc |
| 801 | #2 | $a | RU |
| | $b | ПБ им. Б.Н. Ельцина |
| | $c | 20210217 |
| | $g | RCR |
| | $2 | rusmarc |
| 850 | ## | $a | РГИА |
| 852 | ## | $a | РГИА |
| | $e | Федеральное казенное учреждение "Российский государственный исторический архив" (РГИА) |
| | $j | 293 |
| 937 | ## | $h | РГИА |
| | $d | 12275769 |
| | $a | ASBIBLIO_SCAN |
| 462 | #0 | $1 | 0013dfa799b-3a50-4673-b3be-8a348f2dcc4f |
| | $1 | 2001 |
| | $a | Личные, служебные и имущественные документы И. Д. Делянова. Переписка И. Д. Делянова и членов его семьи. Служебная переписка директора Департамента народного просвещения Н. М. Аничкова |
| | $1 | 251 |
| | $c | Опись |
| | $1 | 852 |
| | $j | 1 |
| 461 | #0 | $1 | 00199155341-bdc0-4986-8135-aafdb775052f |
| | $1 | 2001 |
| | $a | Делянов Иван Давыдович, граф, статс-секретарь, управляющий делами Секретного комитета о раскольниках, попечитель учебного округа, директор Публичной библиотеки, министр народного просвещения |
| | $1 | 251 |
| | $c | Фонд |
| | $1 | 852 |
| | $j | 1604 |
| 215 | ## | $a | 16 л. |
| | $d | 36,5х26 см |
| 371 | ## | $a | Документ не является опубликованным и широко распространяемым |
| 105 | ## | $a | y### |
| 122 | 2# | $a | d |
| 035 | ## | $a | 6f4f69b9-8ee5-4131-b2c4-1aa63edb47d7 |
| 856 | ## | $u | http://readingroom.main.prlib.ru/item.aspx?id_node=n157416029&mode=full |